00309nam a2200133Ia 4500003000400000005001700004008004100021020001800062040002000080100001700100245003000117260001900147260000900166OSt20231211071407.0170524s9999 xx 000 0 und d a81-7024-748-9 cIIMT UNIVERSITY aSalini Singh 0aProfiles of India Tourism bA . P. H. Pub. c1996